[Event "Ortisei Server24 op 4th"]
[Site "Ortisei"]
[Date "2018.06.20"]
[Round "5"]
[White "Niederstatter, Harald"]
[Black "Sergeeva, Natalia"]
[Result "0-1"]
[WhiteElo "1996"]
[BlackElo "2011"]
[PlyCount "52"]
[EventDate "2018.06.16"]
[EventType "tourn"]
[EventRounds "9"]
[EventCountry "ITA"]
[SourceTitle "CBM 185 Extra"]
[Source "ChessBase"]
[SourceDate "2018.07.29"]
[SourceVersion "1"]
[SourceVersionDate "2018.07.29"]
[SourceQuality "1"]

1. d4 Nf6 2. Nf3 e6 3. e3 c5 4. Bd3 d5 5. b3 Nc6 6. 0-0 Qc7 7. Bb2 b6 8. a3 Bb7 9. Nbd2 Bd6 10. Qe2 0-0 11. c4 Rfe8 12. dxc5 bxc5 13. Bxf6 gxf6 14. cxd5 exd5 15. Nh4 Ne5 16. Bc2 Ng6 17. Ndf3 Kh8 18. Nf5 d4 19. Nxd6 Qxd6 20. Rfe1 Rad8 21. Bf5 d3 22. Qd2 Bxf3 23. Bxg6 Rg8 24. gxf3 Rxg6+ 25. Kh1 Qxh2+ 26. Kxh2 Rd5 0-1

[Event "RUS-chT (Women)"]
[Site "Sochi"]
[Date "2018.05.09"]
[Round "8.6"]
[White "Ivanova, Karina"]
[Black "Sergeeva, Natalia"]
[Result "1-0"]
[WhiteElo "2128"]
[BlackElo "1985"]
[PlyCount "121"]
[EventDate "2018.05.01"]
[EventType "team-tourn"]
[EventRounds "9"]
[EventCountry "RUS"]
[SourceTitle "CBM 184 Extra"]
[Source "ChessBase"]
[SourceDate "2018.06.28"]
[SourceVersion "1"]
[SourceVersionDate "2018.06.28"]
[SourceQuality "1"]
[WhiteTeam "Moscow Devyataya Gorizontal (W)"]
[BlackTeam "CVC Group (W)"]
[WhiteTeamCountry "RUS"]
[BlackTeamCountry "RUS"]

1. d4 Nf6 2. c4 e6 3. Nf3 Bb4+ 4. Bd2 Qe7 5. Nc3 b6 6. g3 Bb7 7. Bg2 0-0 8. 0-0 Bxc3 9. Bxc3 Ne4 10. Rc1 d6 11. Qc2 Nxc3 12. Qxc3 Nd7 13. Rfd1 a5 14. Qc2 f5 15. Ne1 Bxg2 16. Nxg2 g5 17. f4 h6 18. e4 Qh7 19. exf5 exf5 20. Rf1 Rae8 21. fxg5 hxg5 22. Rce1 Re4 23. Rxe4 fxe4 24. Rxf8+ Kxf8 25. Ne3 Ke8 26. Qf2 Kd8 27. h4 gxh4 28. gxh4 Qg7+ 29. Ng2 Nf6 30. Qf4 Qg6 31. Qg5 Qxg5 32. hxg5 Ng4 33. Kf1 Ke7 34. Ke2 c6 35. d5 cxd5 36. cxd5 Ne5 37. Nf4 a4 38. b3 axb3 39. axb3 Nf3 40. Ne6 b5 41. Ke3 b4 42. Kxe4 Nd2+ 43. Kd4 Nxb3+ 44. Kc4 Nd2+ 45. Kxb4 Kf7 46. Kc3 Nf3 47. Kc4 Kg6 48. Kb5 Nd2 49. Kc6 Ne4 50. Kc7 Kf5 51. Kd7 Ke5 52. g6 Nf6+ 53. Ke7 Nxd5+ 54. Kf7 Nf6 55. g7 Kf5 56. Nc7 Ng4 57. Ne8 Nh6+ 58. Ke7 Kg6 59. Kf8 d5 60. Nd6 d4 61. Nf7 1-0

[Event "RUS-chT (Women)"]
[Site "Sochi"]
[Date "2018.05.08"]
[Round "7.5"]
[White "Sergeeva, Natalia"]
[Black "Bulatova, Kamaliya"]
[Result "1/2-1/2"]
[WhiteElo "1985"]
[BlackElo "2121"]
[PlyCount "107"]
[EventDate "2018.05.01"]
[EventType "team-tourn"]
[EventRounds "9"]
[EventCountry "RUS"]
[SourceTitle "CBM 184 Extra"]
[Source "ChessBase"]
[SourceDate "2018.06.28"]
[SourceVersion "1"]
[SourceVersionDate "2018.06.28"]
[SourceQuality "1"]
[WhiteTeam "CVC Group (W)"]
[BlackTeam "Tatarstan Ladya (W)"]
[WhiteTeamCountry "RUS"]
[BlackTeamCountry "RUS"]

1. e4 c5 2. Nf3 d6 3. d4 cxd4 4. Nxd4 Nf6 5. Nc3 a6 6. Bg5 Nbd7 7. f4 Qc7 8. Be2 e5 9. fxe5 dxe5 10. Nf5 h6 11. Be3 Nc5 12. Ng3 b5 13. a3 Bb7 14. Bf3 Ne6 15. Nh5 Nxh5 16. Bxh5 Bc5 17. Bxc5 Qxc5 18. Qf3 0-0 19. Qf2 Qxf2+ 20. Kxf2 Nd4 21. Bd1 f5 22. Re1 fxe4+ 23. Kg1 Rac8 24. Rc1 Rc7 25. Bh5 Rf5 26. Bg6 Rg5 27. Bxe4 Bxe4 28. Rxe4 a5 29. h3 Rc5 30. Rxd4 exd4 31. Ne4 d3 32. Nxc5 Rxc5 33. c3 Re5 34. Rd1 Re2 35. Rxd3 Rxb2 36. c4 bxc4 37. Rc3 Rb3 38. Rxc4 Rxa3 39. Rc8+ Kf7 40. Ra8 Ra2 41. Ra6 a4 42. Kh2 a3 43. Kg3 Ra1 44. h4 g6 45. h5 gxh5 46. Rxh6 a2 47. Ra6 h4+ 48. Kh2 Ke7 49. Ra8 Kd6 50. Ra7 Kc6 51. Ra8 Kb5 52. Ra7 Kb4 53. Rb7+ Kc3 54. Rc7+ 1/2-1/2

[Event "Chigorin Memorial 25th"]
[Site "St Petersburg"]
[Date "2017.10.27"]
[Round "7"]
[White "Sergeeva, Natalia"]
[Black "Mustafayev, Nihad"]
[Result "1-0"]
[WhiteElo "1994"]
[BlackElo "1788"]
[PlyCount "95"]
[EventDate "2017.10.21"]
[EventType "swiss"]
[EventRounds "9"]
[EventCountry "RUS"]
[SourceTitle "CBM 181 Extra"]
[Source "ChessBase"]
[SourceDate "2017.12.12"]
[SourceVersion "1"]
[SourceVersionDate "2017.12.12"]
[SourceQuality "1"]

1. e4 c5 2. Nf3 e6 3. d4 cxd4 4. Nxd4 Nf6 5. Nc3 Nc6 6. Ndb5 Bb4 7. a3 Bxc3+ 8. Nxc3 d5 9. exd5 exd5 10. Bd3 0-0 11. 0-0 d4 12. Ne2 Bg4 13. f3 Bh5 14. Nf4 Bg6 15. Nxg6 hxg6 16. f4 Ne7 17. Qf3 Qd5 18. Bd2 Nf5 19. b3 Rfe8 20. Rad1 Rad8 21. h3 Ne3 22. Bxe3 Rxe3 23. Qxd5 Nxd5 24. f5 g5 25. Bc4 b5 26. Rxd4 bxc4 27. bxc4 Rc3 28. Rf2 Rc8 29. cxd5 Rxc2 30. Rxc2 Rxc2 31. d6 Rc8 32. d7 Rd8 33. f6 gxf6 34. g3 Kf8 35. h4 gxh4 36. gxh4 Ke7 37. h5 f5 38. h6 Rg8+ 39. Kf2 Kd8 40. Kf3 Rh8 41. Rd6 f6 42. Rxf6 Kxd7 43. Kf4 Ke7 44. Kxf5 a5 45. a4 Rh7 46. Kg5 Rh8 47. Rg6 Rh7 48. Ra6 1-0

[Event "Samara Polugaevsky Memorial 7th"]
[Site "Samara"]
[Date "2017.07.15"]
[Round "8"]
[White "Dmitriev, Igor"]
[Black "Sergeeva, Natalia"]
[Result "1-0"]
[WhiteElo "2235"]
[BlackElo "2000"]
[PlyCount "63"]
[EventDate "2017.07.08"]
[EventType "swiss"]
[EventRounds "9"]
[EventCountry "RUS"]
[SourceTitle "EXT 2018"]
[Source "ChessBase"]
[SourceDate "2017.10.13"]
[SourceVersion "1"]
[SourceVersionDate "2017.10.13"]
[SourceQuality "1"]

1. e3 Nf6 2. b4 a5 3. b5 b6 4. Nf3 Bb7 5. Bb2 d6 6. Be2 e5 7. 0-0 Nbd7 8. d4 e4 9. Nfd2 g6 10. c4 Bg7 11. Nc3 Qe7 12. Qc2 0-0 13. Rac1 Rfd8 14. Rfe1 c5 15. bxc6 Bxc6 16. Ba3 Re8 17. Rb1 Rac8 18. Qb3 Red8 19. Nb5 Bxb5 20. Qxb5 h5 21. Rbc1 Ng4 22. h3 Nh6 23. Nb1 Rb8 24. Nc3 Nf5 25. Bxh5 Qg5 26. Bg4 Nf6 27. Bxf5 gxf5 28. Nd5 Nh5 29. Rcd1 Bf8 30. Qb2 Rb7 31. Qe2 f6 32. Qxh5 1-0

[Event "Samara Polugaevsky Memorial 7th"]
[Site "Samara"]
[Date "2017.07.09"]
[Round "2"]
[White "Chubakov, Sultan"]
[Black "Sergeeva, Natalia"]
[Result "1/2-1/2"]
[WhiteElo "1643"]
[BlackElo "2000"]
[PlyCount "103"]
[EventDate "2017.07.08"]
[EventType "swiss"]
[EventRounds "9"]
[EventCountry "RUS"]
[SourceTitle "EXT 2018"]
[Source "ChessBase"]
[SourceDate "2017.10.13"]
[SourceVersion "1"]
[SourceVersionDate "2017.10.13"]
[SourceQuality "1"]

1. d4 d5 2. c4 e5 3. dxe5 d4 4. Nf3 Nc6 5. Nbd2 Nge7 6. Nb3 Bg4 7. Nbxd4 Bxf3 8. Nxf3 Ng6 9. e3 Qe7 10. Be2 Ngxe5 11. 0-0 g6 12. Qc2 0-0-0 13. Bd2 Bg7 14. Bc3 h5 15. Nxe5 Bxe5 16. Bf3 Bxc3 17. Qxc3 Ne5 18. Be2 g5 19. Rad1 g4 20. Rd5 f6 21. Rfd1 c6 22. Rxd8+ Rxd8 23. Rxd8+ Qxd8 24. Qd4 Qa5 25. Qd6 Qxa2 26. c5 Nd7 27. Qd4 Qb1+ 28. Bf1 a5 29. Qc3 Qa2 30. f3 gxf3 31. gxf3 Qa4 32. e4 Kc7 33. Bh3 Ne5 34. f4 Qd1+ 35. Kf2 Nd3+ 36. Ke3 Nxc5 37. Qxa5+ b6 38. Qa7+ Nb7 39. Qa3 c5 40. Qc3 Qg1+ 41. Kf3 Qxh2 42. Bf5 Qh1+ 43. Ke2 Qg2+ 44. Kd1 Qf1+ 45. Kc2 Qf2+ 46. Kb1 Qg1+ 47. Ka2 Qg7 48. Qh3 Qf7+ 49. Be6 Qe8 50. Qf5 Qe7 51. Bd5 h4 52. Qh5 1/2-1/2

[Event "Moscow op-B (Women) 13th"]
[Site "Moscow"]
[Date "2017.01.31"]
[Round "4"]
[White "Sergeeva, Natalia"]
[Black "Perch, Sofya"]
[Result "1/2-1/2"]
[WhiteElo "2027"]
[BlackElo "1802"]
[PlyCount "92"]
[EventDate "2017.01.28"]
[EventType "swiss"]
[EventRounds "9"]
[EventCountry "RUS"]
[SourceTitle "EXT 2018"]
[Source "ChessBase"]
[SourceDate "2017.10.13"]
[SourceVersion "1"]
[SourceVersionDate "2017.10.13"]
[SourceQuality "1"]

1. e4 c5 2. Nf3 a6 3. c4 d6 4. d4 Nd7 5. Nc3 e6 6. Be3 b6 7. Qd2 Bb7 8. d5 e5 9. g3 Be7 10. a4 a5 11. Bg2 Ba6 12. Qd3 h6 13. 0-0 Ngf6 14. h3 Nh7 15. Nd2 g5 16. Qe2 Qc7 17. f4 gxf4 18. gxf4 0-0-0 19. Nb5 Bxb5 20. cxb5 Rdg8 21. Nc4 f6 22. b4 exf4 23. Bxf4 cxb4 24. Bxh6 Ng5 25. Bxg5 Rxg5 26. Kh1 Kb7 27. Ne3 Nc5 28. Nf5 Qd7 29. Qf3 Rhg8 30. Rf2 R5g6 31. h4 Qd8 32. Bh3 Ka7 33. h5 Rg5 34. Rg2 Rxg2 35. Bxg2 Bf8 36. Nd4 Kb7 37. Ne6 Qe7 38. Nxc5+ bxc5 39. Rf1 Rg5 40. Qxf6 Rxh5+ 41. Kg1 Qxf6 42. Rxf6 Be7 43. Rf7 Re5 44. Kf2 c4 45. Ke3 c3 46. Kd3 Kc7 1/2-1/2

[Event "Chigorin Memorial 24th"]
[Site "St Petersburg"]
[Date "2016.10.22"]
[Round "8"]
[White "Kaganskiy, Gleb"]
[Black "Sergeeva, Natalia"]
[Result "1/2-1/2"]
[WhiteElo "2226"]
[BlackElo "2013"]
[PlyCount "139"]
[EventDate "2016.10.15"]
[EventType "swiss"]
[EventRounds "9"]
[EventCountry "RUS"]
[SourceTitle "CBM 175 Extra"]
[Source "ChessBase"]
[SourceDate "2016.12.12"]
[SourceVersion "1"]
[SourceVersionDate "2016.12.12"]
[SourceQuality "1"]

1. c4 c6 2. e4 d5 3. exd5 cxd5 4. d4 Nf6 5. Nc3 e6 6. Nf3 Bb4 7. cxd5 Nxd5 8. Bd2 Nc6 9. Bd3 Be7 10. 0-0 0-0 11. Qe2 Bf6 12. Rfd1 Nce7 13. Ne4 Nf5 14. Nxf6+ Nxf6 15. Bxf5 exf5 16. Bg5 h6 17. Bxf6 Qxf6 18. Rac1 Qd6 19. d5 f4 20. Qe5 Rd8 21. h3 Rb8 22. Rc4 g5 23. Qd4 a6 24. Rc3 f6 25. Rdc1 Bf5 26. Rc7 Rbc8 27. Rxc8 Bxc8 28. Nd2 Bf5 29. Nc4 Qf8 30. d6 Be6 31. Rd1 b5 32. Na5 Rd7 33. Qb6 Qc8 34. Nc6 Kg7 35. Nb4 f3 36. Re1 Kf7 37. Nxa6 Qd8 38. Qxd8 Rxd8 39. Nc7 Bxa2 40. Nxb5 Bc4 41. Nc3 Rxd6 42. gxf3 Rb6 43. Rb1 Bd3 44. Rd1 Bf5 45. h4 gxh4 46. Rd2 h3 47. Kh2 Be6 48. Ne2 Rb4 49. Kg3 h5 50. Nd4 Bc8 51. f4 Kg6 52. Kh2 Bd7 53. b3 h4 54. Rd1 Kh5 55. f3 Rb6 56. Rc1 Rd6 57. Rc4 Kg6 58. b4 Ra6 59. f5+ Bxf5 60. Nxf5 Kxf5 61. b5 Ra2+ 62. Kxh3 Rb2 63. Rxh4 Kg5 64. Rg4+ Kf5 65. Rh4 Kg5 66. f4+ Kg6 67. Kg3 Rb3+ 68. Kf2 Rxb5 69. Rh3 Rb4 70. Rf3 1/2-1/2

[Event "Chigorin Memorial 24th"]
[Site "St Petersburg"]
[Date "2016.10.21"]
[Round "7"]
[White "Sergeeva, Natalia"]
[Black "Kuznetsov, Felix"]
[Result "0-1"]
[WhiteElo "2013"]
[BlackElo "2200"]
[PlyCount "80"]
[EventDate "2016.10.15"]
[EventType "swiss"]
[EventRounds "9"]
[EventCountry "RUS"]
[SourceTitle "CBM 175 Extra"]
[Source "ChessBase"]
[SourceDate "2016.12.12"]
[SourceVersion "1"]
[SourceVersionDate "2016.12.12"]
[SourceQuality "1"]

1. e4 c5 2. Nf3 Nc6 3. d4 cxd4 4. Nxd4 Nf6 5. Nc3 d6 6. Bg5 e6 7. Qd2 a6 8. 0-0-0 Bd7 9. f4 b5 10. Bxf6 gxf6 11. f5 b4 12. fxe6 fxe6 13. Nce2 Qa5 14. Kb1 Qe5 15. Nxc6 Bxc6 16. Qxb4 Bxe4 17. Ng3 d5 18. Qa4+ Kf7 19. Nxe4 dxe4 20. Rd7+ Kg6 21. Bc4 Bc5 22. Qc6 Rab8 23. Bb3 Rb6 24. Qa4 f5 25. Qc4 Rhb8 26. c3 a5 27. g4 f4 28. Re1 Be3 29. Ka1 Rb5 30. Re7 R5b6 31. Bc2 Kf6 32. Rxh7 Rxb2 33. g5+ Kxg5 34. Bxe4 R2b4 35. h4+ Kf6 36. Rh6+ Kf7 37. Qc6 Qxe4 38. Qd7+ Kg8 39. Qxe6+ Qxe6 40. Rxe6 Rc4 0-1

[Event "Chigorin Memorial 24th"]
[Site "St Petersburg"]
[Date "2016.10.20"]
[Round "6"]
[White "Leontiev, Aleksandr V"]
[Black "Sergeeva, Natalia"]
[Result "1-0"]
[WhiteElo "2285"]
[BlackElo "2013"]
[PlyCount "57"]
[EventDate "2016.10.15"]
[EventType "swiss"]
[EventRounds "9"]
[EventCountry "RUS"]
[SourceTitle "CBM 175 Extra"]
[Source "ChessBase"]
[SourceDate "2016.12.12"]
[SourceVersion "1"]
[SourceVersionDate "2016.12.12"]
[SourceQuality "1"]

1. c4 c5 2. Nf3 Nf6 3. Nc3 Nc6 4. d4 cxd4 5. Nxd4 g6 6. g3 Bg7 7. Bg2 0-0 8. 0-0 Qa5 9. Nb3 Qh5 10. Bf3 Ng4 11. h4 Bxc3 12. bxc3 Nce5 13. Bg2 Nxc4 14. Qd4 Nce5 15. f3 d6 16. fxg4 Bxg4 17. Bxb7 Bxe2 18. Rf2 Rab8 19. Be4 Nf3+ 20. Bxf3 Bxf3 21. Bh6 Qxh6 22. Rxf3 Qh5 23. Raf1 a5 24. Qa7 a4 25. Qxa4 Ra8 26. Qd7 Rxa2 27. Rxf7 Rb8 28. Rxe7 g5 29. Qe6+ 1-0

[Event "Chigorin Memorial 24th"]
[Site "St Petersburg"]
[Date "2016.10.16"]
[Round "2"]
[White "Grekhov, Luka"]
[Black "Sergeeva, Natalia"]
[Result "0-1"]
[WhiteElo "1600"]
[BlackElo "2013"]
[PlyCount "66"]
[EventDate "2016.10.15"]
[EventType "swiss"]
[EventRounds "9"]
[EventCountry "RUS"]
[SourceTitle "CBM 175 Extra"]
[Source "ChessBase"]
[SourceDate "2016.12.12"]
[SourceVersion "1"]
[SourceVersionDate "2016.12.12"]
[SourceQuality "1"]

1. d4 d5 2. c4 e6 3. Nf3 c6 4. e3 Nf6 5. Nc3 Nbd7 6. Bd3 Bd6 7. Qc2 Qe7 8. 0-0 0-0 9. Re1 h6 10. e4 dxc4 11. Bxc4 e5 12. dxe5 Nxe5 13. Nxe5 Qxe5 14. g3 Qh5 15. Be2 Bg4 16. f4 Bc5+ 17. Kg2 Bh3+ 18. Kh1 Ng4 19. Bxg4 Bxg4 20. Be3 Bb4 21. a3 Ba5 22. b4 Bc7 23. Nd1 a5 24. Bc5 Rfd8 25. Ne3 Bf3+ 26. Kg1 Rd7 27. bxa5 Bxa5 28. Bb4 Bb6 29. Rab1 Rad8 30. Bc3 Bc5 31. Bb4 Bxb4 32. Rxb4 Rd2 33. Qc4 Qxh2+ 0-1

[Event "YFO-ch (Women)"]
[Site "Nebug"]
[Date "2016.03.13"]
[Round "9"]
[White "Tletseri, Julietta"]
[Black "Sergeeva, Natalia"]
[Result "0-1"]
[WhiteElo "1648"]
[BlackElo "2027"]
[PlyCount "58"]
[EventDate "2016.03.05"]
[EventType "swiss"]
[EventRounds "9"]
[EventCountry "RUS"]
[SourceTitle "CBM 171 Extra"]
[Source "ChessBase"]
[SourceDate "2016.04.26"]
[SourceVersion "1"]
[SourceVersionDate "2016.04.26"]
[SourceQuality "1"]

1. e4 c5 2. Nf3 d6 3. d4 cxd4 4. Nxd4 Nf6 5. Nc3 a6 6. f3 e5 7. Nb3 Be6 8. Bg5 Be7 9. Qd2 Nbd7 10. Rd1 b5 11. Bxf6 Nxf6 12. a3 0-0 13. Be2 Qb6 14. g4 Nxg4 15. Bxb5 Bh4+ 16. Kf1 Ne3+ 17. Ke2 Nxd1 18. Kxd1 axb5 19. Na2 d5 20. Kc1 dxe4 21. fxe4 Rfd8 22. Qe2 Bxb3 23. cxb3 Bg5+ 24. Kb1 Rd2 25. Qf3 Qd4 26. Nc3 b4 27. axb4 Qxb4 28. Rg1 Qxb3 29. Nd1 Qc2# 0-1

[Event "YFO-ch (Women)"]
[Site "Nebug"]
[Date "2016.03.07"]
[Round "3"]
[White "Sergeeva, Natalia"]
[Black "Gelman, Inna"]
[Result "1-0"]
[WhiteElo "2027"]
[BlackElo "1668"]
[PlyCount "55"]
[EventDate "2016.03.05"]
[EventType "swiss"]
[EventRounds "9"]
[EventCountry "RUS"]
[SourceTitle "CBM 171 Extra"]
[Source "ChessBase"]
[SourceDate "2016.04.26"]
[SourceVersion "1"]
[SourceVersionDate "2016.04.26"]
[SourceQuality "1"]

1. e4 d5 2. exd5 Qxd5 3. d4 Nf6 4. c4 Qd8 5. Nf3 c6 6. Be2 Bf5 7. 0-0 e6 8. Nc3 Be7 9. Bf4 0-0 10. Nh4 Bg6 11. Nxg6 hxg6 12. Qd3 Nbd7 13. Rfd1 Nb6 14. Qf3 Nh5 15. Be5 Bf6 16. g4 Bxe5 17. dxe5 Qg5 18. Ne4 Qxe5 19. gxh5 gxh5 20. b3 Rad8 21. Rab1 Nc8 22. Qe3 Qf5 23. Ng3 Qc2 24. Bd3 Qxa2 25. Nxh5 Qa5 26. Qf3 Qg5+ 27. Kh1 Nd6 28. Rg1 1-0

[Event "YFO-ch (Women)"]
[Site "Nebug"]
[Date "2016.03.05"]
[Round "1"]
[White "Sergeeva, Natalia"]
[Black "Maltsevskaya, Anna"]
[Result "1-0"]
[WhiteElo "2027"]
[BlackElo "1291"]
[PlyCount "73"]
[EventDate "2016.03.05"]
[EventType "swiss"]
[EventRounds "9"]
[EventCountry "RUS"]
[SourceTitle "CBM 171 Extra"]
[Source "ChessBase"]
[SourceDate "2016.04.26"]
[SourceVersion "1"]
[SourceVersionDate "2016.04.26"]
[SourceQuality "1"]

1. e4 e5 2. Nf3 Nc6 3. d4 exd4 4. Nxd4 Nf6 5. Nxc6 bxc6 6. e5 Qe7 7. Qe2 Nd5 8. c4 Nb6 9. Bf4 Qb4+ 10. Kd1 Ba6 11. b3 Bc5 12. Bd2 Bxc4 13. bxc4 Qa4+ 14. Ke1 Bb4 15. Bxb4 Qxb4+ 16. Nd2 0-0 17. h4 Rfe8 18. Rh3 Na4 19. Re3 Qb2 20. Nb3 Rab8 21. Qxb2 Nxb2 22. Kd2 d5 23. Kc2 Na4 24. c5 Red8 25. Rd1 Rb4 26. Rd4 Rxd4 27. Nxd4 Nxc5 28. Nxc6 Ra8 29. Ra3 Ne4 30. f3 Ng3 31. Bd3 Nh5 32. Rxa7 Re8 33. a4 Nf4 34. a5 Nxg2 35. a6 Ne3+ 36. Kc3 Re6 37. Ra8+ 1-0

[Event "Chigorin Memorial 23rd"]
[Site "St Petersburg"]
[Date "2015.10.11"]
[Round "9"]
[White "Sergeeva, Natalia"]
[Black "Leontiev, Aleksandr V"]
[Result "0-1"]
[WhiteElo "2077"]
[BlackElo "2281"]
[PlyCount "161"]
[EventDate "2015.10.03"]
[EventType "swiss"]
[EventRounds "9"]
[EventCountry "RUS"]
[SourceTitle "CBM 168 Extra"]
[Source "ChessBase"]
[SourceDate "2015.10.29"]
[SourceVersion "1"]
[SourceVersionDate "2015.10.29"]
[SourceQuality "1"]

1. e4 Nf6 2. e5 Nd5 3. d4 d6 4. Nf3 Bg4 5. Be2 e6 6. 0-0 Be7 7. c4 Nb6 8. Nc3 0-0 9. Be3 Nc6 10. exd6 cxd6 11. b3 d5 12. c5 Nc8 13. a3 Bf6 14. b4 a6 15. h3 Bxf3 16. Bxf3 N8e7 17. Ne2 Nf5 18. Rb1 g6 19. g3 Bg7 20. Qd2 Qf6 21. Rbd1 Rad8 22. Bg2 h6 23. g4 Nxe3 24. fxe3 Qh4 25. Rf3 h5 26. gxh5 Qxh5 27. Qe1 e5 28. dxe5 Qxe5 29. Nf4 Rfe8 30. a4 Bh6 31. b5 axb5 32. axb5 Nd4 33. Rf1 Nc2 34. Qh4 Bg5 35. Qf2 Nxe3 36. Rde1 Re7 37. h4 Bxf4 38. Qxf4 Qc3 39. Rc1 Qb2 40. Qf2 Qxb5 41. Qf6 Qe8 42. Rfe1 Re6 43. Qg5 Qe7 44. Rb1 Rd7 45. Bh3 Nf5 46. Rf1 Qxg5+ 47. hxg5 Re5 48. Bxf5 gxf5 49. Rb6 d4 50. c6 bxc6 51. Rxc6 d3 52. Rcc1 d2 53. Rcd1 Kg7 54. Kf2 Kg6 55. Rg1 Re4 56. Kf3 Rd3+ 57. Kf2 Rg4 58. Rh1 Kxg5 59. Ke2 Rd8 60. Rh2 Re4+ 61. Kf1 Rf4+ 62. Ke2 Re4+ 63. Kf3 Rd3+ 64. Kf2 Rh4 65. Rg2+ Kf6 66. Ke2 Rhd4 67. Rg8 f4 68. Rh8 Re3+ 69. Kf1 Kf5 70. Rh2 Red3 71. Kf2 Ke4 72. Rh4 Rf3+ 73. Ke2 Re3+ 74. Kf2 Kd3 75. Ra1 Kc2 76. Rxf4 Rxf4+ 77. Kxe3 Rf6 78. Ra2+ Kc1 79. Ra1+ Kb2 80. Rh1 Kc2 81. Rh2 0-1

[Event "Chigorin Memorial 23rd"]
[Site "St Petersburg"]
[Date "2015.10.10"]
[Round "8"]
[White "Ageichenko, Genadi A"]
[Black "Sergeeva, Natalia"]
[Result "0-1"]
[WhiteElo "2257"]
[BlackElo "2077"]
[PlyCount "104"]
[EventDate "2015.10.03"]
[EventType "swiss"]
[EventRounds "9"]
[EventCountry "RUS"]
[SourceTitle "CBM 168 Extra"]
[Source "ChessBase"]
[SourceDate "2015.10.29"]
[SourceVersion "1"]
[SourceVersionDate "2015.10.29"]
[SourceQuality "1"]

1. d4 Nf6 2. c4 e6 3. Nc3 d5 4. cxd5 exd5 5. Bg5 Be7 6. e3 c6 7. Bd3 Nbd7 8. Qc2 h6 9. Bh4 Nh5 10. Bxe7 Qxe7 11. Nge2 Nb6 12. 0-0-0 Be6 13. Kb1 Nf6 14. f3 0-0-0 15. g4 Kb8 16. Ng3 g6 17. Rc1 Rhe8 18. Rhe1 Qd6 19. Qf2 Re7 20. h4 Rh8 21. b3 h5 22. g5 Ne8 23. Nge2 Ng7 24. e4 dxe4 25. fxe4 Rd8 26. Rcd1 Bg4 27. Bc2 Qb4 28. Rd3 Ne6 29. d5 cxd5 30. exd5 Nc7 31. Rd4 Qa3 32. Nf4 Rxe1+ 33. Qxe1 Qc5 34. Qd2 Nb5 35. Nxb5 Qxb5 36. Qe3 Qc5 37. Nd3 Qd6 38. Nf4 Nd7 39. Ra4 a6 40. Rc4 Nb6 41. Rd4 Bd7 42. Bd3 Qc5 43. Re4 Qd6 44. Qd4 Bf5 45. Re3 Nxd5 46. Nxd5 Qxd5 47. Qf4+ Ka7 48. Bxf5 Qd1+ 49. Kb2 Rd2+ 50. Ka3 Qc1+ 51. Kb4 a5+ 52. Ka4 Rxa2+ 0-1

[Event "Chigorin Memorial 23rd"]
[Site "St Petersburg"]
[Date "2015.10.07"]
[Round "5"]
[White "Sergeeva, Natalia"]
[Black "Mukhtarova, Viktoriya"]
[Result "0-1"]
[WhiteElo "2077"]
[BlackElo "1782"]
[PlyCount "80"]
[EventDate "2015.10.03"]
[EventType "swiss"]
[EventRounds "9"]
[EventCountry "RUS"]
[SourceTitle "CBM 168 Extra"]
[Source "ChessBase"]
[SourceDate "2015.10.29"]
[SourceVersion "1"]
[SourceVersionDate "2015.10.29"]
[SourceQuality "1"]

1. e4 c5 2. Nf3 Nc6 3. d4 cxd4 4. Nxd4 g6 5. c4 Bg7 6. Be3 Nf6 7. Nc3 0-0 8. Be2 d6 9. 0-0 Nxd4 10. Bxd4 a5 11. f4 Nd7 12. Bxg7 Kxg7 13. Kh1 Nc5 14. Qd4+ Kg8 15. Rad1 b6 16. e5 Ne6 17. Qe4 Rb8 18. f5 Nc5 19. Qg4 Kh8 20. Rd4 Bxf5 21. Rxf5 gxf5 22. Qxf5 Qc8 23. Qh5 Qe6 24. exd6 exd6 25. Rh4 Qg6 26. Qd5 Rg8 27. Qd4+ Qg7 28. Qf2 f5 29. Rf4 Rbf8 30. Bf1 Qe5 31. Nd5 Ne6 32. Rh4 Rg4 33. Rh6 Kg7 34. Rh3 f4 35. Qxb6 Ng5 36. Rd3 f3 37. g3 Qe1 38. Ne3 Re4 39. Qb7+ Kh8 40. Kg1 Rxe3 0-1

[Event "Voronezh op-A 19th"]
[Site "Voronezh"]
[Date "2015.06.13"]
[Round "2"]
[White "Sergeeva, Natalia"]
[Black "Kachar, Vladimir"]
[Result "0-1"]
[WhiteElo "2080"]
[BlackElo "2236"]
[PlyCount "72"]
[EventDate "2015.06.12"]
[EventType "swiss"]
[EventRounds "9"]
[EventCountry "RUS"]
[SourceTitle "CBM 167 Extra"]
[Source "ChessBase"]
[SourceDate "2015.09.14"]
[SourceVersion "1"]
[SourceVersionDate "2015.09.14"]
[SourceQuality "1"]

1. e4 c5 2. Nf3 e6 3. d4 cxd4 4. Nxd4 Nc6 5. Nc3 Qc7 6. f4 a6 7. Nxc6 bxc6 8. Bd3 d5 9. 0-0 Nf6 10. Qf3 d4 11. Ne2 c5 12. b3 Bb7 13. Re1 Qb6 14. Kh1 h5 15. a4 Rd8 16. a5 Qc6 17. Ng1 Be7 18. Nh3 Nd7 19. Qg3 Kf8 20. Bb2 Nf6 21. c3 dxc3 22. Bxc3 h4 23. Qf3 Rxd3 24. Qxd3 Nxe4 25. Ra2 Qd5 26. Qe3 Bc6 27. Rc2 f6 28. Bb2 Kf7 29. Rce2 f5 30. Rc2 Bf6 31. Bxf6 gxf6 32. Rg1 Rg8 33. Qe1 Qxb3 34. Re2 Qxh3 35. Re3 Ng3+ 36. Rxg3 hxg3 0-1

[Event "RUS-chT (Women)"]
[Site "Sochi"]
[Date "2015.05.07"]
[Round "7.1"]
[White "Ushenina, Anna"]
[Black "Sergeeva, Natalia"]
[Result "1-0"]
[WhiteElo "2486"]
[BlackElo "2079"]
[PlyCount "123"]
[EventDate "2015.05.01"]
[EventType "team-swiss"]
[EventRounds "7"]
[EventCountry "RUS"]
[SourceTitle "CBM 166 Extra"]
[Source "ChessBase"]
[SourceDate "2015.06.18"]
[SourceVersion "1"]
[SourceVersionDate "2015.06.18"]
[SourceQuality "1"]
[WhiteTeam "Khanty Mansyisk Yugra (W)"]
[BlackTeam "Krasnodar Kuban (W)"]
[WhiteTeamCountry "RUS"]
[BlackTeamCountry "RUS"]

1. Nf3 Nf6 2. c4 e6 3. Nc3 d5 4. d4 c6 5. e3 Bd6 6. Bd3 dxc4 7. Bxc4 Nbd7 8. 0-0 0-0 9. Qc2 Qe7 10. h3 h6 11. Bb3 Rd8 12. Bd2 c5 13. Rfe1 a6 14. Ne4 Nxe4 15. Qxe4 Rb8 16. Bc2 Nf6 17. Qh4 Nd5 18. Qxe7 Nxe7 19. dxc5 Bxc5 20. Bc3 Bd7 21. Ne5 Be8 22. Rec1 Rbc8 23. Be4 Nd5 24. Bxd5 exd5 25. Rd1 f6 26. Nd3 Bb6 27. Nf4 Bf7 28. Rd2 Rc6 29. Rad1 d4 30. exd4 Bxa2 31. d5 Rcc8 32. d6 Rd7 33. Bb4 Bf7 34. Nd5 Bxd5 35. Rxd5 Kf7 36. g4 Re8 37. R1d2 Re4 38. Ba3 Ke6 39. Kg2 Re1 40. f4 g6 41. f5+ Kf7 42. Rc2 g5 43. Rdd2 Bd8 44. Re2 Rd1 45. Rcd2 Ra1 46. Rc2 Rd1 47. Kf3 Rd3+ 48. Re3 Rd4 49. Rc8 Rd1 50. Rb8 Rd5 51. Rc3 Rd1 52. Rb3 b6 53. Rc3 Rd5 54. Rcc8 Ke8 55. Rxb6 Rd3+ 56. Ke4 Rxh3 57. Rbb8 Rh2 58. Kd5 h5 59. gxh5 Rxh5 60. Ke6 Rh2 61. Rxd8+ Rxd8 62. d7# 1-0